000 00827nam a22001937a 4500
999 _c59910
_d59910
003 Ge_BSU
005 20230511114135.0
008 230510s1983 ge ||||| |||| 00| 0 geo d
041 _ageo
080 _a2+ 141.45 ფ-23
100 _aფანჯიკიძე, თეიმურაზ
_912191
245 _aრელიგიის არსი და ათეიზმი /
_cთეიმურაზ ფანჯიკიძე, რედ. ე. მესხი
264 _aთბილისი :
_bსაბჭ. საქართველო,
_c1983.
300 _a229გვ.;
_b21სმ.
504 _aბიბლიოგრ. ტექსტის შენიშვნებში.
653 _aათეიზმი
700 _aმესხი, ე
_eრედაქტორი
_93902
942 _2udc
_cBK